| 000 | 00596cab a2200193 4500 | ||
|---|---|---|---|
| 001 | WB2629-47 | ||
| 008 | 090401t1990 xxu||||| |||| 00| 0 eng d | ||
| 035 | _a(Sirsi) u22705 | ||
| 041 | _aeng | ||
| 245 | _aBuilders and VAT | ||
| 260 | _c1990 | ||
| 350 | _a0 | ||
| 490 |
_aBuilding Today _vvol 200 no 5866 26/7/90 p6 |
||
| 520 | _aBuilders are finding that VAT they claimed back on homes built to be sold, must be paid back, if they have let the homes as a short term measure to offset the housing slump. | ||
| 650 | _aLETTING | ||
| 690 | _aTAXATION | ||
| 942 | _n0 | ||
| 948 | _c04/03/1997 | ||
| 999 |
_c15221 _d15221 |
||